No Man's Sky General Knowledge - Statistics

General Stats
  • This quiz has been taken 189 times
  • The average score is 10 of 15
Answer Stats
Question Answer % Correct
What is the creator of the No Man's Sky universe known as? The Atlas
96%
What race is the player? Anomaly
92%
Who developed the game? Hello Games
92%
What are the three currencies in NMS? Units, Nanites, Quicksilver
92%
Where would you find Storm Crystals? Extreme Hazard Planets
86%
How many fully explorable planets are in the No Man's Sky universe? 18 quintillion
81%
What benefit do you receive from Ice Storms? Slower multi-tool overheat
81%
What stellar metal would you find in a red star system? Cadmium
79%
What is the source of the only audibly spoken voice lines in the game? The exosuit
77%
Which popular freighter model is known for resembling a Star Destroyer (Star Wars) Venator
58%
What is the fastest way to reach the center of the galaxy? Alien portals
53%
What is the name of the robotic race that came with that update? The Autophage
52%
What was the name of the latest NMS update? Echoes
42%
What tier of upgrade module gives the best boosts? Rare X Tier
37%
What is the rarest model of ship you can come across? The Golden Vector
21%
No matching quizzes found
Score Distribution
Percent of People with Each Score
Percentile by Number Answered
Your Score History
You have not taken this quiz